000 00646nam a2200193Ii 4500
003 JO-AjNU
008 230605s9999||||xx |||||||||||||| ||und||
040 _aJO-AjNU
_bara
_erda
_cJO-AjNU
041 _aara
050 1 4 _aG525.A22 1997
100 3 _aالعبدالله، رياض مصطفى,
_eauthor
_917010
245 0 0 _aمثلث برمودا والاطباق الطائرة بين الحقيقة والاسطورة
264 3 1 _aالقاهرة: المؤلف، 1997
300 _a119ص
336 _atext
_btxt
_2rdacontent
337 _aunmediated
_bn
_2rdamedia
338 _avolume
_bnc
_2rdacarrier
650 4 _aمثلث برمودا
_917011
999 _aA5165
_c8733
_d8733